[Event "BRA-ch U12"]
[Site "Florianopolis"]
[Date "2018.04.29"]
[Round "3"]
[White "Carneiro, Ryan Vaz"]
[Black "Shimamura Silva, Eduardo Akira"]
[Result "0-1"]
[WhiteElo "1796"]
[BlackElo "1487"]
[PlyCount "72"]
[EventDate "2018.04.28"]
[EventType "swiss"]
[EventRounds "6"]
[EventCountry "BRA"]
[SourceTitle "EXT 2021"]
[Source "ChessBase"]
[SourceDate "2020.10.23"]
[SourceVersion "1"]
[SourceVersionDate "2020.10.23"]
[SourceQuality "1"]

1. e4 c5 2. Nc3 e6 3. Bc4 a6 4. d3 b5 5. Bb3 Bb7 6. Be3 d5 7. exd5 exd5 8. Bd2 c4 9. dxc4 dxc4 10. Qe2+ Qe7 11. Bxc4 bxc4 12. 0-0-0 Bxg2 13. Qxc4 Qb7 14. Re1+ Be7 15. Qa4+ Bc6 16. Qg4 Kf8 17. f3 Nf6 18. Qd4 Nbd7 19. Bg5 Rd8 20. Qe3 Bc5 21. Qe2 Re8 22. Qd2 Rxe1+ 23. Qxe1 Qc8 24. Bxf6 Nxf6 25. Nge2 Bb4 26. a3 Bxc3 27. Qxc3 h6 28. Nd4 Bb7 29. Qb4+ Kg8 30. Nb3 Kh7 31. Qe7 Qd7 32. Qxd7 Nxd7 33. Re1 Bxf3 34. Nd4 Bg4 35. Re7 Kg6 36. Re4 Nf6 0-1

[Event "Sao Paulo Hebraica op 25th"]
[Site "Sao Paulo"]
[Date "2018.01.13"]
[Round "3"]
[White "Shimamura Silva, Eduardo Akira"]
[Black "Cesarini da Silva, Leonardo"]
[Result "0-1"]
[WhiteElo "1484"]
[BlackElo "2013"]
[PlyCount "66"]
[EventDate "2018.01.12"]
[EventType "swiss"]
[EventRounds "6"]
[EventCountry "BRA"]
[SourceTitle "CBM 182 Extra"]
[Source "ChessBase"]
[SourceDate "2018.02.23"]
[SourceVersion "1"]
[SourceVersionDate "2018.02.23"]
[SourceQuality "1"]

1. e4 c5 2. Nf3 d6 3. Bb5+ Bd7 4. Bxd7+ Qxd7 5. 0-0 Nc6 6. Qe2 g6 7. Rd1 Bg7 8. c3 e5 9. Na3 Nge7 10. Nc2 0-0 11. d4 cxd4 12. cxd4 Qg4 13. h3 Qc8 14. Be3 f5 15. Bg5 fxe4 16. Qxe4 d5 17. Qe1 e4 18. Bxe7 Nxe7 19. Nd2 Qxc2 20. Nb3 Nf5 21. Rd2 Qc7 22. Rc1 Qf7 23. Nc5 Bxd4 24. Nb3 Bb6 25. Kh1 e3 26. fxe3 Bxe3 27. Rdc2 Bxc1 28. Rxc1 Rae8 29. Qf2 Re3 30. Kg1 Qe7 31. Qd2 Qe5 32. Nc5 Re2 33. Qd3 Nh4 0-1

[Event "Sao Paulo Hebraica op 25th"]
[Site "Sao Paulo"]
[Date "2018.01.12"]
[Round "1"]
[White "Shimamura Silva, Eduardo Akira"]
[Black "Polachini, Diego"]
[Result "0-1"]
[WhiteElo "1484"]
[BlackElo "1966"]
[PlyCount "120"]
[EventDate "2018.01.12"]
[EventType "swiss"]
[EventRounds "6"]
[EventCountry "BRA"]
[SourceTitle "CBM 182 Extra"]
[Source "ChessBase"]
[SourceDate "2018.02.23"]
[SourceVersion "1"]
[SourceVersionDate "2018.02.23"]
[SourceQuality "1"]

1. e4 e6 2. d4 d5 3. Nc3 Nf6 4. e5 Nfd7 5. f4 c5 6. Nf3 Nc6 7. Be3 a6 8. Be2 b5 9. 0-0 Be7 10. Qe1 cxd4 11. Nxd4 Nxd4 12. Bxd4 Nb8 13. Kh1 Nc6 14. Qf2 Nxd4 15. Qxd4 g6 16. Rad1 Qc7 17. Bf3 Bb7 18. a3 Rc8 19. Qd3 h5 20. Rd2 b4 21. Nb1 bxa3 22. Nxa3 Qb6 23. c3 Kf8 24. Rc2 Bc6 25. Be2 Bxa3 26. bxa3 Bb5 27. Qd2 Bxe2 28. Qxe2 Qa5 29. Rf3 Rc4 30. h3 Kg7 31. Qd3 Rhc8 32. Qd2 Qc7 33. Kh2 d4 34. Qf2 dxc3 35. Qh4 Qd7 36. Rg3 Qd1 37. Qf6+ Kg8 38. Rxg6+ fxg6 39. Qxg6+ Kf8 40. Qf6+ Ke8 41. Qxe6+ Kd8 42. Qf6+ Kc7 43. Qf7+ Kb6 44. Qf5 Rxf4 45. Qxc8 Qxc2 46. Qd8+ Kc5 47. e6 Rf2 48. Qc7+ Kd4 49. Qd6+ Kc4 50. Qxa6+ Kb3 51. Qb7+ Ka2 52. e7 Qf5 53. Qc7 Qe4 54. Qg3 Re2 55. Qg8+ Kxa3 56. Qg3 Kb2 57. Qb8+ Kc1 58. Qg3 Qe5 59. h4 Qxg3+ 60. Kxg3 Rxe7 0-1

[Event "Aldeia de Barueri op"]
[Site "Aldeia de Barueri"]
[Date "2017.08.06"]
[Round "5"]
[White "Shimamura Silva, Eduardo Akira"]
[Black "Ribeiro, Cesar Augusto Basag"]
[Result "1-0"]
[WhiteElo "1427"]
[BlackElo "1422"]
[PlyCount "37"]
[EventDate "2017.08.04"]
[EventType "swiss"]
[EventRounds "6"]
[EventCountry "BRA"]
[SourceTitle "CBM 180 Extra"]
[Source "ChessBase"]
[SourceDate "2017.10.06"]
[SourceVersion "1"]
[SourceVersionDate "2017.10.06"]
[SourceQuality "1"]

1. e4 d6 2. d4 Nf6 3. Nc3 g6 4. f3 Bg7 5. Be3 Be6 6. Qd2 Nc6 7. d5 Bd7 8. dxc6 Bxc6 9. Bh6 Nh5 10. g4 Rg8 11. gxh5 e6 12. 0-0-0 Qh4 13. Bxg7 Rxg7 14. hxg6 fxg6 15. Bc4 Qd8 16. Qh6 Rd7 17. Bxe6 Ke7 18. Bxd7 Qxd7 19. Qxh7+ 1-0

[Event "Aldeia de Barueri op"]
[Site "Aldeia de Barueri"]
[Date "2017.08.04"]
[Round "2"]
[White "Sena Moura, Danielle"]
[Black "Shimamura Silva, Eduardo Akira"]
[Result "1-0"]
[WhiteElo "1821"]
[BlackElo "1427"]
[PlyCount "77"]
[EventDate "2017.08.04"]
[EventType "swiss"]
[EventRounds "6"]
[EventCountry "BRA"]
[SourceTitle "CBM 180 Extra"]
[Source "ChessBase"]
[SourceDate "2017.10.06"]
[SourceVersion "1"]
[SourceVersionDate "2017.10.06"]
[SourceQuality "1"]

1. d4 Nf6 2. c4 c5 3. d5 b5 4. cxb5 a6 5. b6 g6 6. Nc3 Bg7 7. e4 d6 8. Be2 0-0 9. Nf3 Nbd7 10. 0-0 Nxb6 11. a4 a5 12. h3 Bd7 13. Nd2 Rb8 14. Qc2 Qc7 15. f4 Qa7 16. Kh1 e6 17. dxe6 fxe6 18. Nb5 Bxb5 19. Bxb5 Nh5 20. Ra3 Rxf4 21. Rxf4 Nxf4 22. Nb3 Nh5 23. Bd2 Ng3+ 24. Kg1 Nh5 25. Nxa5 Bd4+ 26. Kh1 Qf7 27. Rf3 Qg7 28. Nc6 Rc8 29. a5 Na8 30. Nxd4 Qxd4 31. Bc3 Nc7 32. Bxd4 Nxb5 33. Bc3 Ng7 34. Bxg7 Kxg7 35. Qf2 Rc7 36. Rf8 d5 37. Qf6+ Kh6 38. Rg8 Nd6 39. Qh4# 1-0

[Event "South American-ch U10"]
[Site "Santiago de Chile"]
[Date "2016.12.02"]
[Round "2.15"]
[White "Shimamura Silva, Eduardo Akira"]
[Black "Vargas Sotelo, Victor Salomon"]
[Result "0-1"]
[WhiteElo "1433"]
[BlackElo "1420"]
[PlyCount "108"]
[EventDate "2016.12.01"]
[EventType "swiss"]
[EventRounds "9"]
[EventCountry "CHI"]
[SourceTitle "EXT 2022"]
[Source "ChessBase"]
[SourceDate "2021.10.06"]
[SourceVersion "1"]
[SourceVersionDate "2021.10.06"]
[SourceQuality "1"]

1. e4 c5 2. Nf3 g6 3. g3 Bg7 4. Bg2 d6 5. 0-0 Bg4 6. c3 Qd7 7. d4 cxd4 8. cxd4 Bh3 9. Nc3 Bxg2 10. Kxg2 Nc6 11. Be3 Nf6 12. Qd2 0-0 13. Bh6 Rfe8 14. Bxg7 Kxg7 15. Rh1 Rac8 16. h4 h5 17. e5 dxe5 18. dxe5 Nxe5 19. Qxd7 Nexd7 20. Rad1 e5 21. Nb5 Re6 22. Nc3 Rcc6 23. Rhe1 a6 24. Ng5 Red6 25. Rxd6 Rxd6 26. Nf3 Ng4 27. Rd1 Rxd1 28. Nxd1 f6 29. Nc3 Kf7 30. Nd2 Nh6 31. Kf3 Ke6 32. Nde4 Nf5 33. Ke2 Nd4+ 34. Kd3 b6 35. f4 Nc5+ 36. Nxc5+ bxc5 37. Ne4 c4+ 38. Kxc4 Ne2 39. fxe5 Kxe5 40. Kd3 Nc1+ 41. Ke3 Nxa2 42. Nc5 Nb4 43. Nd7+ Kf5 44. Kf3 Nd3 45. b3 a5 46. Nb6 Nc1 47. Na4 Nxb3 48. Nb2 Nc5 49. Nc4 a4 50. Na3 g5 51. hxg5 fxg5 52. Kg2 Kg4 53. Nb5 Ne4 54. Kh2 Nxg3 0-1

[Event "Paulista-ch"]
[Site "Sao Paulo"]
[Date "2016.11.??"]
[Round "3"]
[White "Shimamura Silva, Eduardo Akira"]
[Black "Teshima, Claudio Yutaka"]
[Result "1-0"]
[WhiteElo "1487"]
[BlackElo "1148"]
[PlyCount "85"]
[EventDate "2016.11.09"]
[EventType "swiss"]
[EventRounds "6"]
[EventCountry "BRA"]
[SourceTitle "EXT 2022"]
[Source "ChessBase"]
[SourceDate "2021.10.06"]
[SourceVersion "1"]
[SourceVersionDate "2021.10.06"]
[SourceQuality "1"]

1. e4 e5 2. Nf3 Nc6 3. Bc4 h6 4. d4 d6 5. Bb5 Bd7 6. 0-0 Nf6 7. Nc3 a6 8. Bxc6 Bxc6 9. dxe5 Nxe4 10. Nxe4 Bxe4 11. exd6 Bxd6 12. Re1 Qe7 13. Qd4 f5 14. Nd2 0-0-0 15. Qe3 Qh4 16. g3 Qh3 17. Nxe4 fxe4 18. Bd2 h5 19. Bc3 h4 20. Bxg7 Rhg8 21. Bf6 Rde8 22. Bxh4 Qxh4 23. Kh1 Qh3 24. Rg1 Rh8 25. Rg2 b6 26. Qe2 Kb7 27. a4 Bc5 28. a5 e3 29. f4 Reg8 30. Qf3+ c6 31. axb6 Kxb6 32. b4 Bxb4 33. Qxe3+ Bc5 34. Rb1+ Kc7 35. Qxc5 Rxg3 36. Qg1 Rxg2 37. Qxg2 Qc3 38. Qe2 Rh4 39. Qe7+ Kc8 40. Qxh4 Qxc2 41. Qh8+ Kd7 42. Rb7+ Ke6 43. Qe5# 1-0

[Event "Sao Paulo-C U1700 op 5th"]
[Site "Sao Paulo"]
[Date "2016.10.13"]
[Round "1.23"]
[White "Ramos, Guilherme Sampaio"]
[Black "Shimamura Silva, Eduardo Akira"]
[Result "0-1"]
[WhiteElo "1765"]
[BlackElo "1604"]
[PlyCount "102"]
[EventDate "2016.10.13"]
[EventType "swiss"]
[EventRounds "6"]
[EventCountry "BRA"]
[SourceTitle "EXT 2022"]
[Source "ChessBase"]
[SourceDate "2021.10.06"]
[SourceVersion "1"]
[SourceVersionDate "2021.10.06"]
[SourceQuality "1"]

1. Nf3 Nf6 2. c4 g6 3. d4 Bg7 4. Nc3 0-0 5. e4 d6 6. Bd3 Bg4 7. h3 Bxf3 8. Qxf3 Nfd7 9. Be3 e5 10. d5 Na6 11. 0-0 Nac5 12. Bc2 Nb6 13. Qe2 Nc8 14. b4 Nd7 15. Rab1 Ne7 16. Rfc1 f5 17. exf5 Nxf5 18. Bxf5 Rxf5 19. Ne4 Nf6 20. Ng3 Qd7 21. Nxf5 Qxf5 22. g4 Qd7 23. Bg5 h5 24. Bxf6 Bxf6 25. c5 Rf8 26. c6 bxc6 27. Rxc6 Bh4 28. gxh5 Rxf2 29. Qg4 Qxg4+ 30. hxg4 gxh5 31. gxh5 Rxa2 32. Rxc7 Rd2 33. Rxa7 Bf2+ 34. Kf1 Bxa7 35. b5 Rxd5 36. b6 Bb8 37. Rc1 Rc5 38. Ra1 Rb5 39. Ra6 Kh7 40. Ke2 Kh6 41. Ke3 Kxh5 42. Ke4 Rb1 43. Kd3 d5 44. Kc2 Rb5 45. Kd3 Kg5 46. Ke3 Kf5 47. Kd3 Kf4 48. Ra4+ e4+ 49. Ke2 Rxb6 50. Rd4 Rd6 51. Kf2 Ba7 0-1

[Event "Sao Paulo Karman Cup 9th"]
[Site "Sao Paulo"]
[Date "2016.08.07"]
[Round "6"]
[White "Shimamura Silva, Eduardo Akira"]
[Black "Tumenas, Douglas"]
[Result "0-1"]
[WhiteElo "1580"]
[BlackElo "1725"]
[PlyCount "114"]
[EventDate "2016.08.05"]
[EventType "swiss"]
[EventRounds "6"]
[EventCountry "BRA"]
[SourceTitle "CBM 174 Extra"]
[Source "ChessBase"]
[SourceDate "2016.10.10"]
[SourceVersion "1"]
[SourceVersionDate "2016.10.10"]
[SourceQuality "1"]

1. e4 d5 2. exd5 Qxd5 3. Nc3 Qd8 4. Nf3 Bg4 5. Be2 Nf6 6. h3 Bh5 7. 0-0 e6 8. d4 c6 9. Bg5 Nbd7 10. Ne5 Bg6 11. Nxg6 hxg6 12. Re1 Be7 13. Qd2 0-0 14. Rad1 Qa5 15. a3 Rad8 16. Bxf6 gxf6 17. Qh6 f5 18. Rd3 Rfe8 19. Rg3 Bf8 20. Qg5 Bg7 21. Qd2 Qc7 22. Bf3 Nb6 23. Ne2 c5 24. Qc3 Bxd4 25. Nxd4 Rxd4 26. b4 Rc4 27. Qf6 Qe7 28. Qa1 Rxc2 29. bxc5 Qxc5 30. Rf1 Nd5 31. h4 e5 32. h5 Kg7 33. hxg6 fxg6 34. Qd1 Nf4 35. Kh1 Rh8+ 36. Kg1 Qc7 37. Re1 e4 38. Qd4+ Kh7 39. Bd1 Rd8 40. Qe3 Rd3 41. Qxa7 Rxd1 42. Rxd1 Ne2+ 43. Kh2 Nxg3 44. fxg3 Rc3 45. Rh1 b6 46. Qa8 Qc5 47. Qb7+ Kg8 48. Rd1 Rd3 49. Rb1 Rd6 50. a4 Qc6 51. Qa7 g5 52. Rf1 Rh6+ 53. Kg1 Qc5+ 54. Rf2 Rf6 55. Kf1 Rd6 56. Ke2 Qc2+ 57. Ke3 Qd3# 0-1

[Event "Sao Paulo Karman Cup 9th"]
[Site "Sao Paulo"]
[Date "2016.08.06"]
[Round "4"]
[White "Van Riemsdijk, Felipe Herman"]
[Black "Shimamura Silva, Eduardo Akira"]
[Result "1/2-1/2"]
[WhiteElo "1760"]
[BlackElo "1580"]
[PlyCount "96"]
[EventDate "2016.08.05"]
[EventType "swiss"]
[EventRounds "6"]
[EventCountry "BRA"]
[SourceTitle "CBM 174 Extra"]
[Source "ChessBase"]
[SourceDate "2016.10.10"]
[SourceVersion "1"]
[SourceVersionDate "2016.10.10"]
[SourceQuality "1"]

1. e4 d5 2. exd5 Nf6 3. Nf3 Nxd5 4. c4 Nb6 5. d4 g6 6. Be2 Bg7 7. 0-0 0-0 8. Nc3 Bg4 9. Be3 Nc6 10. d5 Ne5 11. Bxb6 Nxf3+ 12. Bxf3 Bxf3 13. Qxf3 axb6 14. a3 Qd7 15. Rad1 Rad8 16. Rfe1 Bxc3 17. Qxc3 c6 18. h3 b5 19. Qf3 bxc4 20. dxc6 Qxc6 21. Rxd8 Rxd8 22. Qxc6 bxc6 23. Rxe7 Rb8 24. Re4 Rxb2 25. Rxc4 Ra2 26. Rxc6 Rxa3 27. Kf1 Kg7 28. Ke2 Kh6 29. Rc5 f5 30. g3 Kg5 31. h4+ Kh5 32. Kf1 h6 33. Kg2 Kg4 34. Rc4+ Kh5 35. Rf4 Ra2 36. Kf3 Ra3+ 37. Ke2 Ra2+ 38. Ke3 Ra3+ 39. Kd4 Ra4+ 40. Ke5 Ra5+ 41. Ke6 Ra6+ 42. Kd7 Ra7+ 43. Kd6 Ra6+ 44. Ke5 Ra5+ 45. Kf6 Ra6+ 46. Ke5 Ra5+ 47. Kf6 Ra6+ 48. Ke5 Ra5+ 1/2-1/2

[Event "Sao Paulo op-B U2050 4th"]
[Site "Sao Paulo"]
[Date "2016.03.24"]
[Round "1"]
[White "Shimamura Silva, Eduardo Akira"]
[Black "Caporale, Giuseppe Guido"]
[Result "0-1"]
[WhiteElo "1683"]
[BlackElo "1719"]
[PlyCount "114"]
[EventDate "2016.03.24"]
[EventType "swiss"]
[EventRounds "7"]
[EventCountry "BRA"]
[SourceTitle "CBM 171 Extra"]
[Source "ChessBase"]
[SourceDate "2016.04.26"]
[SourceVersion "1"]
[SourceVersionDate "2016.04.26"]
[SourceQuality "1"]

1. Nf3 d5 2. g3 Bf5 3. Bg2 e6 4. 0-0 Nc6 5. d3 h6 6. Nbd2 Nf6 7. Re1 d4 8. c3 dxc3 9. bxc3 Be7 10. e4 Bh7 11. e5 Nd5 12. Bb2 0-0 13. c4 Ndb4 14. d4 Nc2 15. Nb3 Nxa1 16. Bxa1 Nb4 17. Re2 Bd3 18. Rd2 Bxc4 19. Qc1 Bd5 20. a3 Bxb3 21. axb4 Bd5 22. Qc2 Bxb4 23. Re2 c6 24. Bc3 Qa5 25. Bxb4 Qxb4 26. Qc1 Bxf3 27. Bxf3 Qxd4 28. Rd2 Qb6 29. Rb2 Qc7 30. Qb1 Rab8 31. Kg2 b6 32. Rc2 c5 33. Qa2 b5 34. Rc1 c4 35. Be2 Qxe5 36. f4 Qc7 37. Bxc4 bxc4 38. Rxc4 Rb2+ 39. Qxb2 Qxc4 40. Qa1 Qe2+ 41. Kh3 Rc8 42. Qxa7 Qh5+ 43. Kg2 Rc2+ 44. Qf2 Rxf2+ 45. Kxf2 Qxh2+ 46. Ke1 Kf8 47. Kd1 Ke7 48. g4 Kd6 49. f5 Kd5 50. fxe6 fxe6 51. g5 hxg5 52. Ke1 Ke4 53. Kd1 Ke3 54. Kc1 Kd3 55. Kb1 Kc3 56. Ka1 Kb3 57. Kb1 Qb2# 0-1

[Event "Sao Paulo op-B 3rd"]
[Site "Sao Paulo"]
[Date "2015.09.20"]
[Round "5"]
[White "Shimamura Silva, Eduardo Akira"]
[Black "Primo E Silva, Beatriz"]
[Result "0-1"]
[WhiteElo "1713"]
[BlackElo "1427"]
[PlyCount "130"]
[EventDate "2015.09.17"]
[EventType "swiss"]
[EventRounds "6"]
[EventCountry "BRA"]
[SourceTitle "EXT 2016"]
[Source "ChessBase"]
[SourceDate "2015.10.08"]
[SourceVersion "1"]
[SourceVersionDate "2015.10.08"]
[SourceQuality "1"]

1. Nf3 d5 2. g3 c5 3. Bg2 Nc6 4. 0-0 e5 5. d3 f6 6. e4 d4 7. Bd2 Bg4 8. h3 Be6 9. Qe2 Qd7 10. Na3 Bxh3 11. Rad1 0-0-0 12. Rfe1 Kb8 13. Nc4 h5 14. c3 g5 15. Kh2 Bxg2 16. Kxg2 Qg4 17. Nh2 Qxe2 18. Rxe2 h4 19. gxh4 gxh4 20. Rh1 Bh6 21. Nf3 Bxd2 22. Nfxd2 Nge7 23. Nf3 Ng6 24. b4 Nf4+ 25. Kf1 Nxe2 26. Kxe2 dxc3 27. bxc5 Nd4+ 28. Nxd4 exd4 29. Nd6 Rc8 30. Nxc8 Kxc8 31. f4 Kc7 32. e5 fxe5 33. fxe5 Rh5 34. Kd1 Rxe5 35. Rxh4 Rd5 36. Rh7+ Kc6 37. Kc2 Rxc5 38. Rh6+ Kb5 39. Rh7 Kb6 40. Rh6+ Rc6 41. Rh4 Rd6 42. Rh5 a6 43. a4 Kc6 44. a5 Rd5 45. Rh6+ Kb5 46. Rh7 Kxa5 47. Rxb7 Rb5 48. Rd7 Rb2+ 49. Kc1 Rb4 50. Rd5+ Ka4 51. Rd6 a5 52. Kc2 Ka3 53. Rd5 a4 54. Rf5 Rb2+ 55. Kc1 Ka2 56. Ra5 a3 57. Ra4 Kb3 58. Ra5 c2 59. Rb5+ Kc3 60. Rc5+ Kxd3 61. Rxc2 Rxc2+ 62. Kb1 Kc3 63. Ka1 Kb3 64. Kb1 a2+ 65. Ka1 Rc1# 0-1

[Event "Sao Paulo op-B 3rd"]
[Site "Sao Paulo"]
[Date "2015.09.19"]
[Round "4"]
[White "Barbosa, Victor Moreira"]
[Black "Shimamura Silva, Eduardo Akira"]
[Result "0-1"]
[WhiteElo "1796"]
[BlackElo "1713"]
[PlyCount "56"]
[EventDate "2015.09.17"]
[EventType "swiss"]
[EventRounds "6"]
[EventCountry "BRA"]
[SourceTitle "EXT 2016"]
[Source "ChessBase"]
[SourceDate "2015.10.08"]
[SourceVersion "1"]
[SourceVersionDate "2015.10.08"]
[SourceQuality "1"]

1. e4 d5 2. exd5 Qxd5 3. Nc3 Qa5 4. Nf3 Nf6 5. d4 e6 6. Bd3 Be7 7. 0-0 0-0 8. Bf4 Nc6 9. Re1 Nd5 10. Nxd5 Qxd5 11. Be4 Qd7 12. c4 Rd8 13. d5 exd5 14. cxd5 Nb4 15. Ne5 Qb5 16. a4 Qc5 17. Rc1 Qd6 18. Nd3 Qd7 19. Nxb4 Bxb4 20. Rxc7 Qg4 21. Qxg4 Bxg4 22. Rxb7 Bxe1 23. Rb3 g6 24. d6 Be6 25. Re3 Bd2 26. Re2 Rac8 27. Rxd2 Rc1+ 28. Rd1 Rxd1# 0-1

[Event "Sao Paulo op-B 3rd"]
[Site "Sao Paulo"]
[Date "2015.09.18"]
[Round "2"]
[White "Shimamura Silva, Eduardo Akira"]
[Black "Takano, Nicholas Ryo"]
[Result "0-1"]
[WhiteElo "1713"]
[BlackElo "1647"]
[PlyCount "98"]
[EventDate "2015.09.17"]
[EventType "swiss"]
[EventRounds "6"]
[EventCountry "BRA"]
[SourceTitle "EXT 2016"]
[Source "ChessBase"]
[SourceDate "2015.10.08"]
[SourceVersion "1"]
[SourceVersionDate "2015.10.08"]
[SourceQuality "1"]

1. Nf3 d5 2. g3 Nc6 3. Bg2 Nf6 4. 0-0 Bg4 5. h3 Bh5 6. b3 e6 7. Nc3 Bd6 8. Bb2 0-0 9. d4 Re8 10. Qd3 Qe7 11. e4 Bg6 12. Qe2 Nxe4 13. Nxe4 Bxe4 14. Nd2 Bxg2 15. Kxg2 Qg5 16. Bc1 Qg6 17. Nf3 e5 18. dxe5 Nxe5 19. Bb2 Nc4 20. Qd1 Ne3+ 21. Kh1 Nxd1 22. Raxd1 Qh5 23. Kg2 Re6 24. g4 Rg6 25. Rfe1 Rxg4+ 26. hxg4 Qxg4+ 27. Kf1 Qxf3 28. Rd3 Qh1+ 29. Ke2 Re8+ 30. Re3 Rxe3+ 31. fxe3 Qe4 32. Kd2 Qg2+ 33. Re2 Qf3 34. Ke1 h5 35. Rf2 Bg3 36. Kd2 Qxf2+ 37. Kd3 c5 38. c4 dxc4+ 39. bxc4 Qxb2 40. e4 Qd4+ 41. Kc2 Be5 42. a4 Qc3+ 43. Kd1 Bf4 44. Ke2 Qd2+ 45. Kf3 Qe3+ 46. Kg2 h4 47. a5 h3+ 48. Kh1 Qf3+ 49. Kg1 Qg2# 0-1